00569nam a22001577a 450000500170000000800410001702000190005804100080007708200160008510000110010124500800011226000380019230000220023036500250025250001340027720230904091020.0230904b |||||||| |||| 00| 0 eng d a9789385 360985 aeng a720.92bKOC aKoch E aPlanetary King: Humayun Padshah Inventor And Visionary On The Mughal Throne aAhmedabadbMapin Publishingc2022 a384pbHbc31 x 25 aINRb2488.50cRupaye aThe Plsnetary Kng Assements Of Humahun Humayun's Life Humahun's Inventions Humahun's Tomp: Invention And Memorial Of The Padshah